[Event "Kvika Reykjavik Open 2022"]
[Site "Reykjavik ISL"]
[Date "2022.04.10"]
[Round "7.14"]
[White "Mishra, Abhimanyu"]
[Black "Rosen, Eric"]
[Result "1-0"]
[WhiteTitle "GM"]
[BlackTitle "IM"]
[WhiteElo "2524"]
[BlackElo "2359"]
[WhiteFideId "30920019"]
[BlackFideId "2032562"]
[EventDate "2022.04.06"]

1. e4 c5 2. Nf3 e6 3. g3 Nc6 4. Bg2 Nf6 5. Qe2 e5 6. O-O Be7 7. c3 O-O 8. Na3 d5
9. exd5 Qxd5 10. d3 Bf5 11. Re1 Bd6 12. Nd4 Qxg2+ 13. Kxg2 exd4 14. Nc4 Rfe8 15.
Qd1 Bc7 16. Rxe8+ Rxe8 17. Bg5 Nd5 18. Qb3 Bxd3 19. Qxb7 Nd8 20. Qb5 Re2 21.
Bxd8 Bxd8 22. Qd7 Be7 23. Ne5 Rxe5 24. Qe8+ Bf8 25. Qxe5 dxc3 26. bxc3 Nb6 27.
Rd1 c4 28. Rxd3 cxd3 29. Qd4 g6 30. Qxd3 Na4 31. Qa6 Nxc3 32. Qxa7 Nb5 33. Qb8
Na3 34. Kf3 Kg7 35. Ke4 h5 36. f4 Be7 37. Qe5+ Bf6 38. Qc5 Nb1 39. Kd3 1-0

[Event "Kvika Reykjavik Open 2022"]
[Site "Reykjavik ISL"]
[Date "2022.04.10"]
[Round "7.15"]
[White "Burlacu, Bogdan"]
[Black "Libiszewski, Fabien"]
[Result "0-1"]
[WhiteTitle "FM"]
[BlackTitle "GM"]
[WhiteElo "2286"]
[BlackElo "2510"]
[WhiteFideId "1209507"]
[BlackFideId "616834"]
[EventDate "2022.04.06"]

1. d4 Nf6 2. Nf3 g6 3. g3 b6 4. Bg2 Bb7 5. O-O Bg7 6. Nbd2 c5 7. e3 O-O 8. b3 d6
9. Bb2 Nbd7 10. Re1 a6 11. c4 Qc7 12. d5 Rae8 13. e4 e5 14. Nf1 Bc8 15. Bh3 Nh5
16. N3d2 Nb8 17. Bxc8 Qxc8 18. Kg2 Bh6 19. Ne3 Nd7 20. Bc3 Ndf6 21. a3 Bxe3 22.
Rxe3 Ng4 23. Re1 f5 24. f3 Ngf6 25. Qe2 Rf7 26. Rf1 Ref8 27. Rae1 f4 28. Qf2 g5
29. g4 Nxg4 30. fxg4 Qxg4+ 31. Kh1 Ng3+ 32. Kg1 Nxf1+ 33. Kxf1 Qh3+ 0-1

[Event "Kvika Reykjavik Open 2022"]
[Site "Reykjavik ISL"]
[Date "2022.04.10"]
[Round "7.16"]
[White "Williams, Simon K"]
[Black "Soham, Das"]
[Result "1/2-1/2"]
[WhiteTitle "GM"]
[BlackTitle "IM"]
[WhiteElo "2464"]
[BlackElo "2303"]
[WhiteFideId "404454"]
[BlackFideId "35026763"]
[EventDate "2022.04.06"]

1. d4 d5 2. c4 c6 3. cxd5 cxd5 4. Nc3 Nf6 5. Bf4 Nc6 6. e3 a6 7. Be2 Bf5 8. Nf3
Rc8 9. Ne5 Nxe5 10. Bxe5 e6 11. Bxf6 gxf6 12. Qa4+ Qd7 13. Qxd7+ Kxd7 14. Kd2
Bb4 15. Rhc1 Rc6 16. a3 Bxc3+ 17. bxc3 Rhc8 18. Ra2 Rb6 19. Bd3 Bxd3 20. Kxd3
Rb3 21. a4 a5 22. g4 1/2-1/2

[Event "Kvika Reykjavik Open 2022"]
[Site "Reykjavik ISL"]
[Date "2022.04.10"]
[Round "7.17"]
[White "Valkama, Eero"]
[Black "Thorhallsson, Throstur"]
[Result "1/2-1/2"]
[WhiteTitle "FM"]
[BlackTitle "GM"]
[WhiteElo "2244"]
[BlackElo "2422"]
[WhiteFideId "507555"]
[BlackFideId "2300109"]
[EventDate "2022.04.06"]

1. e4 c5 2. Nf3 e6 3. c4 Nc6 4. Nc3 d6 5. d4 cxd4 6. Nxd4 Nf6 7. Be2 Be7 8. O-O
O-O 9. Be3 Bd7 10. Kh1 a6 11. f4 Rc8 12. Rc1 Nxd4 13. Bxd4 Bc6 14. Bd3 Nd7 15.
Bg1 Re8 16. b4 b6 17. Qb3 Bb7 18. a3 Qc7 19. Rfd1 Qb8 20. Qc2 g6 21. Qe2 Bf8 22.
Qf2 Bc6 23. Be2 Bh6 24. Rc2 b5 25. Rcd2 Nf6 26. Rxd6 Nxe4 27. Nxe4 Bxe4 28. c5
Qa8 29. Bf3 a5 30. Bxe4 Qxe4 31. R6d4 Qa8 32. Qf1 axb4 33. axb4 Bg7 34. Rd7 Qa4
35. Qe1 Qc2 36. Bd4 Bxd4 37. R7xd4 Ra8 38. h3 h5 39. Rc1 Qb2 40. Qd2 Qxd2 41.
Rxd2 Red8 42. Rxd8+ Rxd8 43. Kg1 Kf8 44. Kf2 Ke7 45. Ke3 Ra8 46. c6 Kd6 47. c7
Rc8 48. Kd4 h4 49. Rc5 f6 50. Rc2 Kd7 51. Rc1 Kd6 52. Rc5 Kd7 53. Rc1 Kd6 54.
Rc5 1/2-1/2

[Event "Kvika Reykjavik Open 2022"]
[Site "Reykjavik ISL"]
[Date "2022.04.10"]
[Round "7.18"]
[White "Thorfinnsson, Bragi"]
[Black "Popvasilev, Kaloyan"]
[Result "1-0"]
[WhiteTitle "GM"]
[WhiteElo "2419"]
[BlackElo "2191"]
[WhiteFideId "2300958"]
[BlackFideId "2919281"]
[EventDate "2022.04.06"]

1. e4 c5 2. Nc3 d6 3. f4 g6 4. Nf3 Bg7 5. Bb5+ Bd7 6. Bc4 Nc6 7. O-O Na5 8. Be2
Nh6 9. d3 f5 10. Qe1 Nc6 11. Bd1 Nf7 12. exf5 Bxf5 13. Nh4 Qd7 14. h3 h5 15. Ne4
O-O-O 16. c3 Kb8 17. a3 b6 18. Ba4 e6 19. b4 d5 20. Nf2 Qd6 21. bxc5 bxc5 22.
Bd2 Ka8 23. Qe2 Bf6 24. Nxf5 gxf5 25. Rfe1 Rde8 26. Rab1 h4 27. d4 c4 28. Nd1
Rhg8 29. Ne3 Re7 30. Qf3 Rg3 31. Qh5 Nfd8 32. Qh6 Rf7 33. Nc2 Qe7 34. Qh5 Rfg7
35. Ne3 Qf8 36. Kh1 Be7 37. Qd1 Bd6 38. Rf1 Qg8 39. Qe2 Nb8 40. Be1 R3g6 41.
Bxh4 Rh7 42. Bxd8 Qxd8 43. Nxc4 Bxf4 44. Rxf4 dxc4 45. Rxf5 a5 46. Qf3+ Ka7 47.
Rf7+ 1-0

[Event "Kvika Reykjavik Open 2022"]
[Site "Reykjavik ISL"]
[Date "2022.04.10"]
[Round "7.19"]
[White "Mahitosh, Dey"]
[Black "Romanishin, Oleg M"]
[Result "0-1"]
[WhiteTitle "FM"]
[BlackTitle "GM"]
[WhiteElo "2233"]
[BlackElo "2415"]
[WhiteFideId "25091468"]
[BlackFideId "14100088"]
[EventDate "2022.04.06"]

1. d4 Nf6 2. Nf3 g6 3. Bf4 Bg7 4. c3 O-O 5. h3 d5 6. e3 c5 7. Bd3 Nc6 8. Nbd2
Nd7 9. O-O e5 10. dxe5 Ndxe5 11. Nxe5 Nxe5 12. Bxe5 Bxe5 13. e4 Bg7 14. exd5
Qxd5 15. Be4 Qd8 16. Nc4 Be6 17. Ne3 Qb6 18. Qc2 Rad8 19. b3 Qa5 20. Rac1 b5 21.
Bd3 Bh6 22. Rce1 Rd6 23. Re2 Rfd8 24. Be4 c4 25. b4 Qb6 26. a4 Rd3 27. axb5 Bxe3
28. fxe3 Rxe3 29. Rxe3 Qxe3+ 30. Rf2 Qb6 31. Qa2 Rd1+ 32. Kh2 Qxb5 33. Bf3 Qb8+
34. g3 Rd3 35. Qa5 Qb6 0-1

[Event "Kvika Reykjavik Open 2022"]
[Site "Reykjavik ISL"]
[Date "2022.04.10"]
[Round "7.20"]
[White "Willow, Jonah B"]
[Black "Jaksland, Tim"]
[Result "1-0"]
[WhiteTitle "FM"]
[BlackTitle "FM"]
[WhiteElo "2411"]
[BlackElo "2203"]
[WhiteFideId "438804"]
[BlackFideId "1401084"]
[EventDate "2022.04.06"]

1. e4 e5 2. Nf3 Nc6 3. Bb5 a6 4. Ba4 Nf6 5. O-O Be7 6. Re1 b5 7. Bb3 d6 8. c3
O-O 9. h3 Na5 10. Bc2 c5 11. d4 Qc7 12. Nbd2 cxd4 13. cxd4 Bd7 14. Bd3 Nc6 15.
a3 exd4 16. Nb3 Rfe8 17. Nbxd4 Ne5 18. Bf1 h6 19. Bf4 Bf8 20. Rc1 Qb7 21. Nb3
Rad8 22. Na5 Qa8 23. Rc7 Rc8 24. Rxc8 Qxc8 25. Bd2 Nc6 26. Bd3 Nxa5 27. Bxa5 Bc6
28. Nd2 Bb7 29. Bb1 Nd7 30. Bc3 Ne5 31. Ba2 Qc7 32. Re3 Bc8 33. Rg3 Be6 34. Bxe6
Rxe6 35. f4 Rg6 36. Qe1 Rxg3 37. Qxg3 Nc4 38. Nf3 Qc5+ 39. Bd4 Qc6 40. Qe1 d5
41. e5 Bc5 42. Kh2 Bxd4 43. Nxd4 Qb6 44. Qc3 a5 45. b3 Nxa3 46. Qc8+ Kh7 47. Nc6
Qc5 48. Qf5+ Kg8 49. e6 fxe6 50. Qxe6+ Kf8 51. Ne5 1-0

[Event "Kvika Reykjavik Open 2022"]
[Site "Reykjavik ISL"]
[Date "2022.04.10"]
[Round "7.21"]
[White "Baskin, Robert"]
[Black "Lohia, Sohum"]
[Result "1-0"]
[WhiteTitle "IM"]
[BlackTitle "CM"]
[WhiteElo "2393"]
[BlackElo "2196"]
[WhiteFideId "24662402"]
[BlackFideId "5819369"]
[EventDate "2022.04.06"]

1. e4 e5 2. Nf3 Nc6 3. Bb5 g6 4. c3 a6 5. Bxc6 dxc6 6. d4 exd4 7. cxd4 Bg4 8.
Qb3 Bxf3 9. gxf3 Rb8 10. Be3 Bg7 11. Nc3 Ne7 12. O-O-O Qd7 13. h4 Qe6 14. Qc2
O-O 15. Kb1 b5 16. h5 Qc4 17. b3 Qb4 18. Ne2 Qd6 19. Nf4 a5 20. Nd3 a4 21. Nc5
axb3 22. Qxb3 Ra8 23. f4 Nc8 24. hxg6 hxg6 25. f5 Nb6 26. e5 Qd5 27. f6 1-0

[Event "Kvika Reykjavik Open 2022"]
[Site "Reykjavik ISL"]
[Date "2022.04.10"]
[Round "7.22"]
[White "Grieve, Harry"]
[Black "Coursaget, Nicolas"]
[Result "1-0"]
[WhiteTitle "FM"]
[BlackTitle "FM"]
[WhiteElo "2387"]
[BlackElo "2180"]
[WhiteFideId "426520"]
[BlackFideId "610127"]
[EventDate "2022.04.06"]

1. e4 Nf6 2. e5 Nd5 3. d4 d6 4. c4 Nb6 5. f4 dxe5 6. fxe5 c5 7. d5 e6 8. Nc3
exd5 9. cxd5 c4 10. d6 Nc6 11. Nf3 Bg4 12. Bf4 g5 13. Bg3 Bg7 14. Be2 O-O 15.
O-O Nd7 16. Kh1 Bxf3 17. Bxf3 Ndxe5 18. Be4 Qb6 19. Qe2 f5 20. Rxf5 Rxf5 21.
Bxf5 Nd4 22. Bxh7+ Kxh7 23. Qh5+ Kg8 24. Bxe5 Bxe5 25. Ne4 Qxb2 26. Qg6+ Bg7 27.
Nf6+ Kf8 28. Re1 Ne2 29. Nd7+ Kg8 30. Qe6+ Kh8 31. Rxe2 Qd4 32. Re4 Qd3 33. Re1
c3 34. Ne5 Qd4 35. Nf7+ Kh7 36. Nxg5+ 1-0

[Event "Kvika Reykjavik Open 2022"]
[Site "Reykjavik ISL"]
[Date "2022.04.10"]
[Round "7.23"]
[White "Player, Edmund C"]
[Black "Fantinel, Thibault"]
[Result "0-1"]
[BlackTitle "IM"]
[WhiteElo "2196"]
[BlackElo "2378"]
[WhiteFideId "406520"]
[BlackFideId "663395"]
[EventDate "2022.04.06"]

1. e4 c5 2. Nf3 e6 3. c3 Nf6 4. e5 Nd5 5. d4 cxd4 6. cxd4 d6 7. Bc4 Be7 8. Bd2
O-O 9. Nc3 dxe5 10. Nxe5 Nb6 11. Bb3 Qxd4 12. Qe2 Nc6 13. Nf3 Qd8 14. Rd1 Qc7
15. O-O e5 16. Nb5 Qb8 17. Bg5 Re8 18. Bxe7 Rxe7 19. Ng5 Be6 20. Qe4 g6 21. Qh4
h5 22. Nxe6 fxe6 23. Rd6 Qf8 24. f4 exf4 25. Rxf4 Qg7 26. Rxe6 Rxe6 27. Bxe6+
Kh8 28. Rf7 Qe5 29. Qf6+ Qxf6 30. Rxf6 Ne5 31. Rf2 Re8 32. Bb3 Ng4 33. Rf1 Re2
34. h3 Ne3 35. Rf2 Re1+ 36. Kh2 Nf1+ 37. Kg1 Ng3+ 38. Kh2 h4 0-1

[Event "Kvika Reykjavik Open 2022"]
[Site "Reykjavik ISL"]
[Date "2022.04.10"]
[Round "7.24"]
[White "Mai, Alexander Oliver"]
[Black "Vardaan, Nagpal"]
[Result "1/2-1/2"]
[BlackTitle "IM"]
[WhiteElo "2177"]
[BlackElo "2372"]
[WhiteFideId "2313391"]
[BlackFideId "25089544"]
[EventDate "2022.04.06"]

1. e4 e5 2. Nf3 Nf6 3. Nc3 Nc6 4. Bb5 Bb4 5. O-O O-O 6. d3 Bxc3 7. bxc3 d6 8.
Bg5 h6 9. Bh4 Ne7 10. Bxf6 gxf6 11. d4 Ng6 12. Qd2 Kh7 13. Bd3 c5 14. d5 Rg8 15.
Kh1 Bd7 16. c4 Qc8 17. Rab1 b6 18. Rfe1 f5 19. exf5 Bxf5 20. g3 Qd7 21. Bxf5
Qxf5 22. Qd3 Qf6 23. Nh4 Kh8 24. Qf5 Kg7 25. Re4 Nxh4 26. Qxf6+ Kxf6 27. Rxh4
Kg7 28. Rh5 Rab8 29. Rb3 a6 30. a4 Rb7 31. Kg2 f6 32. Rf5 Rgb8 33. Rbf3 Rf7 34.
g4 b5 35. axb5 axb5 36. cxb5 Rxb5 37. c4 Rb4 38. Rc3 Ra7 39. h3 Rb1 40. Rcf3 Rf7
41. Rc3 Rd1 42. Kg3 Rd4 43. Kh4 Kg6 44. Kg3 e4 45. Kf4 Rb7 46. h4 Rb2 47. h5+
Kf7 48. Ra3 Rxc4 49. Ra7+ Ke8 50. Kg3 Rc3+ 51. Kg2 e3 52. Rxf6 Rxf2+ 53. Rxf2
exf2 54. Kxf2 Rd3 1/2-1/2

[Event "Kvika Reykjavik Open 2022"]
[Site "Reykjavik ISL"]
[Date "2022.04.10"]
[Round "7.25"]
[White "Gupta, Abhijeet"]
[Black "Zysko, Jan"]
[Result "1-0"]
[WhiteTitle "GM"]
[WhiteElo "2616"]
[BlackElo "2110"]
[WhiteFideId "5010608"]
[BlackFideId "1141589"]
[EventDate "2022.04.06"]

1. c4 Nf6 2. Nc3 g6 3. d4 Bg7 4. e4 d6 5. f3 O-O 6. Nge2 a6 7. Be3 b5 8. Qd2
Nbd7 9. Bh6 Nb6 10. Ng3 b4 11. Nd5 Nfxd5 12. cxd5 Bxh6 13. Qxh6 e6 14. h4 Qf6
15. O-O-O exd5 16. h5 dxe4 17. fxe4 Bg4 18. Re1 Qxd4 19. hxg6 Qg7 20. gxh7+ Kh8
21. Qxg7+ Kxg7 22. e5 Nd7 23. exd6 cxd6 24. Re4 Ne5 25. Rxb4 a5 26. Rd4 Rh8 27.
Nh5+ Bxh5 28. Rxh5 Rxh7 29. Rxh7+ Kxh7 30. Rxd6 Rc8+ 31. Kb1 Rc5 32. a3 Nc4 33.
Rd3 Kg7 34. Ka2 Nb6 35. Rd6 Nd5 36. Bd3 Ne3 37. Be4 f5 38. Rc6 Rb5 39. Bf3 Kf7
40. Rc3 Nd5 41. Rd3 Nf6 42. a4 Rc5 43. Ka3 Rc1 44. Rd1 Rc5 45. b4 Rc3+ 46. Kb2
axb4 47. a5 Ne4 48. a6 Rc7 49. Ra1 Ra7 50. Ra5 Ke6 51. Kb3 Nd2+ 52. Kxb4 Nxf3
53. gxf3 Kd7 54. Kb5 Kc7 55. Kc5 Kb8 56. Kd6 f4 57. Ra4 Rf7 58. Ke5 Ka7 59. Rxf4
Re7+ 60. Kd6 Re3 61. Rf8 Kxa6 62. f4 Kb7 63. f5 Rd3+ 64. Ke6 Kc7 65. Ra8 Rd6+
66. Ke5 Rd1 67. f6 Re1+ 68. Kf5 Kd7 69. f7 Rf1+ 70. Kg6 Ke7 71. Re8+ 1-0

[Event "Kvika Reykjavik Open 2022"]
[Site "Reykjavik ISL"]
[Date "2022.04.10"]
[Round "7.26"]
[White "Larkin, Vladyslav"]
[Black "Foerster-Yialamas, Lucas"]
[Result "1-0"]
[WhiteTitle "IM"]
[BlackTitle "CM"]
[WhiteElo "2424"]
[BlackElo "2075"]
[WhiteFideId "14152894"]
[BlackFideId "30901774"]
[EventDate "2022.04.06"]

1. e4 c5 2. Nf3 d6 3. Bb5+ Nd7 4. Ba4 Nf6 5. O-O a6 6. c4 e5 7. Nc3 g6 8. d3 Bg7
9. a3 O-O 10. b4 b6 11. Rb1 Rb8 12. Qc2 Qc7 13. Bxd7 Bxd7 14. Bg5 Be6 15. bxc5
bxc5 16. Bxf6 Bxf6 17. Qa4 Qd7 18. Rxb8 Rxb8 19. Qxa6 Rb3 20. Rc1 Bg4 21. Nd2
Rb2 22. Nf1 Bg5 23. Rb1 Rxb1 24. Nxb1 Be2 25. Qb5 Qa7 26. a4 Bxd3 27. Nc3 Bxf1
28. Kxf1 Bd2 29. a5 Bxc3 30. a6 Qe7 31. Qb8+ Kg7 32. a7 Qg5 33. g3 Qd2 34. a8=Q
Bd4 35. Qf8+ 1-0

[Event "Kvika Reykjavik Open 2022"]
[Site "Reykjavik ISL"]
[Date "2022.04.10"]
[Round "7.27"]
[White "Martin, Julian"]
[Black "Jaivardhan, Raj"]
[Result "1-0"]
[WhiteTitle "IM"]
[BlackTitle "CM"]
[WhiteElo "2385"]
[BlackElo "2006"]
[WhiteFideId "12941000"]
[BlackFideId "25744437"]
[EventDate "2022.04.06"]

1. e4 c5 2. Nf3 Nc6 3. d4 cxd4 4. Nxd4 g6 5. c4 Bg7 6. Be3 Nf6 7. Nc3 d6 8. Be2
O-O 9. O-O Bd7 10. h3 Rc8 11. Qd2 Nxd4 12. Bxd4 Bc6 13. Rad1 Qc7 14. b4 Rfd8 15.
b5 e5 16. Bxa7 b6 17. bxc6 Qxa7 18. Nb5 Qa8 19. c7 Rd7 20. Bg4 Nxg4 21. hxg4 Bf8
22. Qd5 Kg7 23. a4 Be7 24. Qxa8 Rxa8 25. a5 bxa5 26. c5 Rc8 27. Rd5 Rcxc7 28.
Nxc7 Rxc7 29. cxd6 Bxd6 30. Rxd6 Ra7 31. Ra1 a4 32. Rd3 h5 33. gxh5 gxh5 34.
Rda3 Rd7 35. Rxa4 Rd2 36. R1a2 Rd1+ 37. Kh2 Rd3 38. R2a3 Rd2 39. Rg3+ Kh7 40.
Rf3 Kg6 41. Ra6+ f6 42. Rfxf6+ Kg7 43. Rfd6 Rxf2 44. Rd7+ Rf7 45. Rxf7+ Kxf7 46.
Kh3 Ke7 47. Kh4 Kd7 48. Kxh5 Kc7 49. g4 Kd7 50. g5 Ke7 51. g6 Kf8 52. Ra7 Kg8
53. Kh6 Kf8 54. Rb7 Ke8 55. g7 Kd8 56. g8=Q# 1-0

[Event "Kvika Reykjavik Open 2022"]
[Site "Reykjavik ISL"]
[Date "2022.04.10"]
[Round "7.32"]
[White "Sarkar, Justin"]
[Black "George Samir, David"]
[Result "1-0"]
[WhiteTitle "IM"]
[BlackTitle "CM"]
[WhiteElo "2314"]
[BlackElo "2003"]
[WhiteFideId "2010011"]
[BlackFideId "10657789"]
[EventDate "2022.04.06"]

1. e4 e5 2. Nf3 Nc6 3. Bb5 a6 4. Ba4 Nf6 5. O-O b5 6. Bb3 Bc5 7. a4 Rb8 8. c3 d6
9. d4 Bb6 10. a5 Ba7 11. Be3 exd4 12. cxd4 O-O 13. h3 Re8 14. Nbd2 Bb7 15. Re1
h6 16. d5 Bxe3 17. Rxe3 Ne7 18. Nd4 c5 19. dxc6 Nxc6 20. Nf5 Bc8 21. Qc2 Nb4 22.
Nxh6+ gxh6 23. Qc3 Re5 24. Qxb4 Rg5 25. f4 Rg7 26. Rd1 Nh5 27. e5 Qh4 28. Qxd6
Nxf4 29. Ne4 Rxg2+ 30. Kh1 Bxh3 31. Qf6 Rg4 32. Bxf7+ Kf8 33. Be6+ Qxf6 34. Nxf6
Rh4 35. Bxh3 Nxh3 36. Kg2 Nf4+ 37. Kg3 Rb7 38. Re4 1-0

[Event "Kvika Reykjavik Open 2022"]
[Site "Reykjavik ISL"]
[Date "2022.04.10"]
[Round "7.33"]
[White "Ruiz Buendia, Miguel"]
[Black "Kolbus, Dietmar"]
[Result "0-1"]
[BlackTitle "IM"]
[WhiteElo "2092"]
[BlackElo "2312"]
[WhiteFideId "24537675"]
[BlackFideId "4610628"]
[EventDate "2022.04.06"]

1. e4 c6 2. d4 d5 3. e5 Bf5 4. Nd2 e6 5. Nb3 Nd7 6. Nf3 Ne7 7. Be2 h6 8. O-O Bh7
9. Bd2 Nc8 10. a4 a5 11. Ne1 b6 12. c4 dxc4 13. Bxc4 Ne7 14. f4 Be4 15. Rc1 g6
16. Bd3 Bd5 17. g4 h5 18. g5 Nf5 19. Ng2 Bxb3 20. Qxb3 Nxd4 21. Qc3 Bb4 22. Qc4
Bxd2 23. Rcd1 Bb4 24. Be4 c5 25. Nh4 O-O 26. Nxg6 Re8 27. Bxa8 fxg6 28. Qd3 Kg7
29. Be4 Nf8 30. h4 Re7 31. Qc4 Ra7 32. Kh1 Qe8 33. b3 Nd7 34. Qd3 Nb8 35. Qc4
Nbc6 36. Rd3 Qc8 37. Kh2 Ne7 38. Rfd1 Qf8 39. Rf1 Nef5 40. Kh3 Rf7 41. Bg2 Kh7
42. Be4 Ng7 0-1

[Event "Kvika Reykjavik Open 2022"]
[Site "Reykjavik ISL"]
[Date "2022.04.10"]
[Round "7.34"]
[White "Manukonda, Arun"]
[Black "Bjornsson, Sigurbjorn"]
[Result "0-1"]
[BlackTitle "FM"]
[WhiteElo "2014"]
[BlackElo "2306"]
[WhiteFideId "5080789"]
[BlackFideId "2300974"]
[EventDate "2022.04.06"]

1. d4 Nf6 2. c4 g6 3. Nc3 Bg7 4. e4 d6 5. Be2 O-O 6. Be3 Nbd7 7. g4 e5 8. d5 Nc5
9. Bf3 a5 10. h4 Bd7 11. g5 Ne8 12. h5 c6 13. Qd2 cxd5 14. Nxd5 Ne6 15. h6 Bh8
16. Bb6 N8c7 17. Nxc7 Nxc7 18. Qxd6 Ra6 19. Rd1 Rxb6 20. Qxb6 Qc8 21. Ne2 Ne6
22. Bg4 Nd4 23. Bxd7 Qxd7 24. Nxd4 exd4 25. f4 Qg4 26. Rf1 Qg3+ 27. Rf2 Qe3+ 28.
Re2 Qxf4 29. Qxa5 Be5 30. Rd3 Qc1+ 31. Kf2 Qxg5 32. Qd5 Rd8 33. Qxb7 Qxh6 34.
Rf3 Bf4 35. Kg1 d3 36. Qe7 Rd4 37. Rd2 Rxc4 38. Qd8+ Kg7 39. Qxd3 Rc1+ 40. Rd1
Qh2+ 41. Kf1 Rc2 42. Qd4+ Kh6 0-1

[Event "Kvika Reykjavik Open 2022"]
[Site "Reykjavik ISL"]
[Date "2022.04.10"]
[Round "7.35"]
[White "Minko, Dmitry"]
[Black "Bartelt, Max Peter"]
[Result "1-0"]
[WhiteTitle "CM"]
[WhiteElo "2298"]
[BlackElo "1949"]
[WhiteFideId "24188468"]
[BlackFideId "12967289"]
[EventDate "2022.04.06"]

1. e4 e6 2. d4 d5 3. Nc3 Nf6 4. e5 Nfd7 5. Nce2 c5 6. c3 Nc6 7. Nf3 Qb6 8. a3
cxd4 9. cxd4 f6 10. exf6 Nxf6 11. g3 Bd6 12. Bg2 O-O 13. O-O Bd7 14. Nc3 Na5 15.
Rb1 Be8 16. Ng5 Bh5 17. Bf3 Bg6 18. Nxe6 Bxb1 19. Nxf8 Bf5 20. Nxd5 Qd8 21. b4
Nc6 22. Ne3 Bh3 23. d5 Bxf1 24. Ne6 Qd7 25. Qxf1 Ne7 26. Qh3 Be5 27. Kg2 Nfxd5
28. Nxd5 Nxd5 29. Qf5 Qd6 30. Ng5 Nf6 31. Bxb7 Rf8 32. Be3 h6 33. Bc5 Qd7 34.
Qxd7 Nxd7 35. Bd5+ Kh8 36. Bxf8 hxg5 37. Be7 Nb6 38. Bb3 Bb2 39. a4 Ba3 40. a5
Nd7 41. a6 Ne5 42. Bxg5 Bxb4 43. Be3 Nd3 44. Bxa7 Nc5 45. Bc4 Kh7 46. Bb8 Nxa6
47. Bxa6 g5 48. Ba7 Be7 49. Kh3 Kh6 50. Kg4 Bf6 51. Be3 1-0

[Event "Kvika Reykjavik Open 2022"]
[Site "Reykjavik ISL"]
[Date "2022.04.10"]
[Round "7.36"]
[White "Large, Peter G"]
[Black "Green, Per"]
[Result "1-0"]
[WhiteTitle "IM"]
[WhiteElo "2293"]
[BlackElo "1946"]
[WhiteFideId "400866"]
[BlackFideId "1703811"]
[EventDate "2022.04.06"]

1. e4 c5 2. Nf3 e6 3. Nc3 Nc6 4. Bb5 Nd4 5. O-O a6 6. Bd3 d6 7. Nxd4 cxd4 8. Ne2
e5 9. c3 dxc3 10. Nxc3 Nf6 11. Bc4 Qc7 12. d3 b5 13. Nd5 Nxd5 14. Bxd5 Bb7 15.
Qb3 Rb8 16. Be3 Bxd5 17. Qxd5 Qb7 18. Rfc1 Qxd5 19. exd5 Be7 20. Rc6 Ra8 21.
Rac1 O-O 22. Rc7 Rfe8 23. R1c6 Bf8 24. f3 h6 25. Rb7 Rec8 26. Rbb6 Rxc6 27. dxc6
d5 28. c7 Rc8 29. Rc6 d4 30. Bd2 b4 31. f4 f6 32. fxe5 fxe5 33. Kf2 Kf7 34. Kf3
Ke8 35. Ke4 Kd7 36. Kd5 a5 37. Be1 Rxc7 38. Rxc7+ Kxc7 39. Bg3 Bd6 40. Bxe5 Bxe5
41. Kxe5 Kd7 42. Kxd4 Kd6 43. Kc4 Kc6 44. d4 Kd7 45. g3 1-0

[Event "Kvika Reykjavik Open 2022"]
[Site "Reykjavik ISL"]
[Date "2022.04.10"]
[Round "7.37"]
[White "Murphy, Ryan"]
[Black "Doluhanova, Evgeniya"]
[Result "1/2-1/2"]
[BlackTitle "WGM"]
[WhiteElo "2051"]
[BlackElo "2280"]
[WhiteFideId "2082438"]
[BlackFideId "14112035"]
[EventDate "2022.04.06"]

1. e4 c5 2. Nf3 d6 3. Bb5+ Nd7 4. c3 Nf6 5. Qe2 a6 6. Ba4 e5 7. O-O Be7 8. d4 b5
9. Bc2 O-O 10. Rd1 Qc7 11. a4 bxa4 12. dxe5 dxe5 13. Bg5 Nb6 14. Nbd2 Be6 15.
Bxa4 Nxa4 16. Rxa4 Rfd8 17. Rda1 h6 18. Bxf6 Bxf6 19. Rxa6 Rab8 20. Nc4 Bxc4 21.
Qxc4 Rxb2 22. h3 Rb6 23. Ra7 Rb7 24. R7a6 Rd6 25. R6a5 Rc6 26. g3 Kh7 27. Kg2
Qd6 28. Ra7 Rcb6 29. Rxb7 Rxb7 30. Nh2 h5 31. Qe2 g6 32. h4 Kg7 33. Nf1 Qb8 34.
Ra2 Rb1 1/2-1/2

[Event "Kvika Reykjavik Open 2022"]
[Site "Reykjavik ISL"]
[Date "2022.04.10"]
[Round "7.38"]
[White "Johannsdottir, Johanna Bjorg"]
[Black "Mannion, Stephen R"]
[Result "0-1"]
[BlackTitle "IM"]
[WhiteElo "1973"]
[BlackElo "2245"]
[WhiteFideId "2303108"]
[BlackFideId "2400111"]
[EventDate "2022.04.06"]

1. e4 e5 2. Nf3 Nc6 3. Bc4 Bc5 4. d3 Nf6 5. O-O d6 6. h3 h6 7. a4 a5 8. c3 O-O
9. Nbd2 Be6 10. Bxe6 fxe6 11. Nc4 Ba7 12. Be3 Bxe3 13. Nxe3 Qe8 14. Nc4 Nh5 15.
g3 Qf7 16. Kg2 Rad8 17. d4 exd4 18. cxd4 Qg6 19. Re1 Rd7 20. d5 exd5 21. exd5
Rdf7 22. Ra3 Nb4 23. Kh1 Qc2 24. Nfd2 Qxd1 25. Rxd1 Rxf2 26. Nxa5 b6 27. Nc6
Nxd5 28. Kg1 Re2 29. Nc4 Rff2 30. Rxd5 Rg2+ 31. Kf1 Ref2+ 32. Ke1 Rc2 33. Ne7+
Kf7 34. Rf3+ Kxe7 35. Ne3 Rc1+ 36. Rd1 Rg1+ 37. Nf1 Rxd1+ 38. Kxd1 Nxg3 39. Rxg3
Rxf1+ 40. Ke2 Rf7 41. Kd3 Kd7 42. Kc4 g5 43. b4 Rf4+ 44. Kb5 c6+ 45. Kxb6 Rxb4+
46. Ka5 c5 47. Ra3 Kc6 48. Ka6 c4 49. a5 Rb3 50. Ra4 d5 51. Ka7 c3 52. Ra1 c2
53. Rc1 Rb2 54. a6 d4 55. Ka8 d3 56. a7 d2 57. h4 d1=Q 58. Rxc2+ Rxc2 0-1

[Event "Kvika Reykjavik Open 2022"]
[Site "Reykjavik ISL"]
[Date "2022.04.10"]
[Round "7.39"]
[White "Sigamoney, Cyril S"]
[Black "Sowray, Peter J"]
[Result "0-1"]
[BlackTitle "FM"]
[WhiteElo "1960"]
[BlackElo "2243"]
[WhiteFideId "2055287"]
[BlackFideId "400971"]
[EventDate "2022.04.06"]

1. d4 d5 2. Bg5 f6 3. Bf4 Nc6 4. e3 e5 5. Bg3 exd4 6. exd4 Qe7+ 7. Ne2 Bf5 8.
Qd2 O-O-O 9. Bf4 Nb4 10. Na3 Nh6 11. Be3 Qe4 12. Rc1 Nxa2 13. Ng3 Qe6 14. Ra1
Nb4 15. c3 Nc6 16. Bb5 Bg6 17. O-O Nf7 18. Rfe1 Qd7 19. Nc2 Kb8 20. Nb4 Bxb4 21.
cxb4 Nd6 22. Bf1 Ne7 23. b5 Nec8 24. b6 Nxb6 25. Qa5 Ndc8 26. Bf4 Bf7 27. Rec1
Nc4 28. Qa2 g5 29. Bxc7+ Qxc7 30. b3 Qa5 31. bxc4 Qxa2 32. Rxa2 dxc4 33. Bxc4
Bxc4 34. Rxc4 Nb6 35. Rb4 Nd5 36. Rb3 Rhe8 37. h3 Rd7 38. Nf5 h5 39. g4 hxg4 40.
hxg4 Nf4 41. Re3 Rc8 42. Ra1 a6 43. Rae1 Ka7 44. Re8 Rxe8 45. Rxe8 b5 46. Rf8 b4
47. Ne3 b3 48. Nc4 Rc7 49. Na3 b2 50. Rxf6 Rc3 0-1